CULTURE LEADING SCIENTISTS EXPLORE SOCIE (Record no. 28634)

MARC details
000 -LEADER
fixed length control field 00307nam a2200121Ia 4500
008 - FIXED-LENGTH DATA ELEMENTS--GENERAL INFORMATION
fixed length control field 240624s9999 xx 000 0 und d
041 ## - LANGUAGE CODE
Language code of text/sound track or separate title eng
082 ## - DEWEY DECIMAL CLASSIFICATION NUMBER
Classification number 828 BRO
100 ## - MAIN ENTRY--PERSONAL NAME
Personal name BROCKMAN JOHN
245 ## - TITLE STATEMENT
Title CULTURE LEADING SCIENTISTS EXPLORE SOCIE
260 ## - PUBLICATION, DISTRIBUTION, ETC.
Date of publication, distribution, etc. 2011
Place of publication, distribution, etc. New York
Name of publisher, distributor, etc. Harper Perennial
365 ## - TRADE PRICE
Currency code RS
Holdings
Withdrawn status Lost status Damaged status Not for loan Home library Current library Shelving location Date acquired Cost, normal purchase price Full call number Barcode Date last seen Copy number Price effective from Koha item type
        IMTN IMTN Rack 42-A 03/31/2017 341.00 828 BRO 28634 06/24/2024 1 06/24/2024 Books
Designed & Maintained by: LRC IMT Nagpur Contact: lrc@imtnag.ac.in© 2024. All Rights Reserved.